000 00618nam a22002057a 4500
003 OSt
005 20240724105147.0
008 160314b xxu||||| |||| 00| 0 eng d
020 _a0520052293
040 _cMUST LIB
_aMUST
_dMUST
082 _a338.1
_bBAT 1981
100 _aBates, Robert H
_97354
245 _aMarkets and States in Tropical Africa: the political basis of agricultural policies
_b
260 _bUniversity of Calfornia press
_cBerkeley
300 _axi, 178p;
_bill :
_c8 cm
504 _aIncludes index
650 _aMarkets
_97356
650 _aAgricultural policies
_912637
942 _2ddc
_cO_SHELF
999 _c3264
_d3264